000 00247nam a2200097Ia 4500
001 788441
005 20250826170359.0
008 250824s9999 xx 000 0 und d
245 0 _aAŞK-I MEMNU
_cHALİD ZİYA UŞAKLIGİL
260 _bÖZGÜR YAYINLARI
999 _c788441
_d788441